ბათუმის შოთა რუსთაველის სახელმწიფო უნივერსიტეტის ბიბლიოთეკა

Oxford Handbook of Psychiatry (ბიბ.ჩანაწერი № 61774)

000 -LEADER
fixed length control field 00852nam a22002297a 4500
005 - DATE AND TIME OF LATEST TRANSACTION
control field 20240501122321.0
008 - FIXED-LENGTH DATA ELEMENTS--GENERAL INFORMATION
fixed length control field 240501s2005 enk||||| |||| 00| 0 eng d
020 ## - INTERNATIONAL STANDARD BOOK NUMBER
International Standard Book Number 9780198527831x
041 ## - LANGUAGE CODE
Language code of text/sound track or separate title eng
080 ## - UNIVERSAL DECIMAL CLASSIFICATION NUMBER
Universal Decimal Classification number 616.89 O-97
245 ## - TITLE STATEMENT
Title Oxford Handbook of Psychiatry
Statement of responsibility, etc. David Semple, Roger Smyth, Jonathan Burns, Rajan Darjee, Andrew McIntosh.
264 ## - PRODUCTION, PUBLICATION, DISTRIBUTION, MANUFACTURE, AND COPYRIGHT NOTICE
Place of production, publication, distribution, manufacture Oxford :
Name of producer, publisher, distributor, manufacturer Oxford University Press,
Date of production, publication, distribution, manufacture, or copyright notice 2005.
300 ## - PHYSICAL DESCRIPTION
Extent 953 p.:
Other physical details ill.;
Dimensions 19 cm.
653 ## - INDEX TERM--UNCONTROLLED
keyword ფსიქიატრია
653 ## - INDEX TERM--UNCONTROLLED
keyword მედიცინა
700 ## - ADDED ENTRY--PERSONAL NAME
Personal name Semple, David
Relator term ავტორი
9 (RLIN) 22014
700 ## - ADDED ENTRY--PERSONAL NAME
Personal name Smyth, Roger
Relator term ავტორი
9 (RLIN) 22015
700 ## - ADDED ENTRY--PERSONAL NAME
Personal name Burns, Jonathan
Relator term ავტორი
9 (RLIN) 22016
700 ## - ADDED ENTRY--PERSONAL NAME
Personal name Darjee, Rajan
Relator term ავტორი
9 (RLIN) 22017
700 ## - ADDED ENTRY--PERSONAL NAME
Personal name McIntosh, Andrew
Relator term ავტორი
9 (RLIN) 22018
942 ## - ADDED ENTRY ELEMENTS (KOHA)
Source of classification or shelving scheme
Koha item type წიგნი
ეგზემპლარები
Withdrawn status Lost status Source of classification or shelving scheme Damaged status Not for loan Permanent Location Current Location Shelving location Date acquired Cost, normal purchase price Full call number Barcode Date last seen Copy number Price effective from Koha item type Public note
          ბათუმის შოთა რუსთაველის სახელმწიფო უნივერსიტეტის მთავარი ბიბლიოთეკა ბათუმის შოთა რუსთაველის სახელმწიფო უნივერსიტეტის მთავარი ბიბლიოთეკა წიგნსაცავი 2024-05-01 84.00 616.89 O-97 67940 2024-05-01 67940 2024-05-01 წიგნი 84 ლ.